China : A world so changed
Na minha lista:
| Autor principal: | |
|---|---|
| Formato: | Livro |
| Idioma: | Undetermined |
| Publicado em: |
Hong Kong
Heinemann
1972
|
| Assuntos: | |
| Tags: |
Adicionar Tag
Sem tags, seja o primeiro a adicionar uma tag!
|
| Thư viện lưu trữ: | Trung tâm Học liệu Trường Đại học Cần Thơ |
|---|
| LEADER | 00583nam a2200217Ia 4500 | ||
|---|---|---|---|
| 001 | CTU_109351 | ||
| 008 | 210402s9999 xx 000 0 und d | ||
| 082 | |a 951 | ||
| 082 | |b F553 | ||
| 100 | |a Fitzgerald, C. P. | ||
| 245 | 0 | |a China : | |
| 245 | 2 | |b A world so changed | |
| 245 | 0 | |c C. P. Fitzgerald, Myra Roper | |
| 260 | |a Hong Kong | ||
| 260 | |b Heinemann | ||
| 260 | |c 1972 | ||
| 650 | |a China,History,History | ||
| 650 | |y 19th century,20th century | ||
| 650 | |z China,China | ||
| 904 | |i Q. Hiếu (sửa) | ||
| 980 | |a Trung tâm Học liệu Trường Đại học Cần Thơ | ||